• 首页
  • 本馆介绍
  • 公告通知
  • 最新文献
  • 馆藏检索
  • 电子资源
  • 读者导购
  • 参考咨询
  • 我的图书馆
  • 登录
  • 详细信息显示
  • 放入我的书架
  • 预约/预借图书
  • 作者相关作品
  • 分类相关作品
  • 丛书相关作品
  • 出版社相关作品

书目信息

  • 表格格式
  • 工作单格式
  • 卡片格式
题名:
郭小东集
    
 
作者: 郭小东, 著 ;广东省作家协会 , 广东人民出版社 组编
分册:  
出版信息: 广州   广东人民出版社  2022
页数: 388页
开本: 25cm
丛书名: 粤派批评丛书
单 册:
中图分类: I206.7
科图分类:
主题词: 中国文学--zhong guo wen xue--当代文学--文学评论
电子资源:
ISBN: 978-7-218-15852-5
000 01613nam 2200289 450
001 2372573941
005 20231120224019.65
010    @a978-7-218-15852-5@b精装@dCNY98.00
100    @a20220902d2022 em y0chiy50 ea
101 0  @achi
102    @aCN@b440000
105    @ay z 000yy
200 1  @a郭小东集@Aguo xiao dong ji@f郭小东著@g广东省作家协会, 广东人民出版社组编
210    @a广州@c广东人民出版社@d2022
215    @a388页@d25cm
225 2  @a粤派批评丛书@Ayue pai pi ping cong shu@i名家文丛@h第三辑
306    @a本项目受广东省宣传文化发展专项资金资助出版
314    @a郭小东, (1951-), 广东汕头朝阳人。国务院政府特殊津贴专家、文科二级教授、一级作家。
330    @a《郭小东集》是“粤派批评”丛书中的一种, 该丛书由广东省作家协会、广东人民出版社组编。本书收录作者多年来极具代表性的文学评论文章, 内容分为三部分: “时间·想象”通过对现代主义作品的文本分析, 探讨“时间”在现代小说语境中作为一个内嵌于文本中的符号如何揭示艺术世界的存在; “人文·化成”是作者对文学命题以及广东文化内核的思考与评析; “守望·怀想”为作者对文人作品及往事的追忆和感悟。作者感性与理性并重地对现当代文学作品及文化现象进行具有哲思的探索, 尤其对广东文学传统和文学发展路径有深入的思考和捍卫, 是既有深度又有温度的文学批评文集。全书约30万字。
410  0 @12001 @a粤派批评丛书@i名家文丛@h第三辑
606 0  @a中国文学@Azhong guo wen xue@x当代文学@x文学评论
690    @aI206.7@v5
701  0 @a郭小东,@Aguo xiao dong@f1951-@4著
712 02 @a广东省作家协会@Aguang dong sheng zuo jia xie hui@4组编
712 02 @a广东人民出版社@Aguang dong ren min chu ban she@4组编
801  0 @aCN@b山东中教@c20230926
905    @aBZT@dI206.7@e67
    
    郭小东集/郭小东著/广东省作家协会, 广东人民出版社组编.-广州:广东人民出版社,2022
    388页;25cm.-(粤派批评丛书.名家文丛.第三辑)
    
    
    ISBN 978-7-218-15852-5(精装):CNY98.00
    《郭小东集》是“粤派批评”丛书中的一种, 该丛书由广东省作家协会、广东人民出版社组编。本书收录作者多年来极具代表性的文学评论文章, 内容分为三部分: “时间·想象”通过对现代主义作品的文本分析, 探讨“时间”在现代小说语境中作为一个内嵌于文本中的符号如何揭示艺术世界的存在; “人文·化成”是作者对文学命题以及广东文化内核的思考与评析; “守望·怀想”为作者对文人作品及往事的追忆和感悟。作者感性与理性并重地对现当代文学作品及文化现象进行具有哲思的探索, 尤其对广东文学传统和文学发展路径有深入的思考和捍卫, 是既有深度又有温度的文学批评文集。全书约30万字。
●
相关链接 在五车中查询图书 在当当中查询图书 在豆瓣中查询图书


正题名:郭小东集     索取号:I206.7/67         预约/预借

序号 登录号 条形码 馆藏地/架位号 状态 备注
1 2000951823   2000951823   315书库/四10架B面7层2列/ [索取号:I206.7/67] 在馆    
2 2000951824   2000951824   315书库/四10架B面7层2列/ [索取号:I206.7/67] 在馆    
3 2000951825   2000951825   315书库/四10架B面7层2列/ [索取号:I206.7/67] 在馆    
4 2000951826   2000951826   315书库/四10架B面7层2列/ [索取号:I206.7/67] 在馆    
5 2000951827   2000951827   315书库/四10架B面7层2列/ [索取号:I206.7/67] 在馆    
6 2000951828   2000951828   315书库/四10架B面7层2列/ [索取号:I206.7/67] 在馆    
山东省滨州职业学院图书馆 欢迎您!
大连网信软件有限公司© 版权所有